书目信息 |
| 题名: |
农村农药污染及防治
|
|
| 作者: | 王罗春 编著 | |
| 分册: | ||
| 出版信息: | 北京 冶金工业出版社 2019.01 |
|
| 页数: | 147页 | |
| 开本: | 24cm | |
| 丛书名: | 实用农村环境保护知识丛书 | |
| 单 册: | ||
| 中图分类: | X592 | |
| 科图分类: | ||
| 主题词: | 农药污染--nong yao wu ran--污染防治 | |
| 电子资源: | ||
| ISBN: | 978-7-5024-7935-0 | |
| 000 | 01030nam 2200265 450 | |
| 001 | 0100010820 | |
| 005 | 20190905093952.0 | |
| 010 | @a978-7-5024-7935-0@dCNY44.00 | |
| 100 | @a20190904d2019 em y0chiy50 ea | |
| 101 | 0 | @achi |
| 102 | @aCN@b110000 | |
| 105 | @aak a 000yy | |
| 106 | @ar | |
| 200 | 1 | @a农村农药污染及防治@Anong cun nong yao wu ran ji fang zhi@f王罗春 ... [等] 编著 |
| 210 | @a北京@c冶金工业出版社@d2019.01 | |
| 215 | @a147页@c图@d24cm | |
| 225 | 2 | @a实用农村环境保护知识丛书@Ashi yong nong cun huan jing bao hu zhi shi cong shu |
| 320 | @a有书目 (第144-147页) | |
| 330 | @a本书主要介绍了农药的定义和分类以及农村农药污染特点和危害 ; 农村农药污染的预防, 农药的科学选择和合理使用、病虫害的物理防治和生物防治、农药控制释放技术、种植制度与耕作技术优化和农药废弃物的管理等。 | |
| 410 | 0 | @12001 @a实用农村环境保护知识丛书 |
| 606 | 0 | @a农药污染@Anong yao wu ran@x污染防治 |
| 690 | @aX592@v5 | |
| 701 | 0 | @a王罗春@Awang luo chun@4编著 |
| 801 | 0 | @aCN@c20190905 |
| 905 | @a河南城建学院图书馆@dX592@eW260 | |
| 农村农药污染及防治/王罗春 ... [等] 编著.-北京:冶金工业出版社,2019.01 |
| 147页:图;24cm.-(实用农村环境保护知识丛书) |
| ISBN 978-7-5024-7935-0:CNY44.00 |
| 本书主要介绍了农药的定义和分类以及农村农药污染特点和危害 ; 农村农药污染的预防, 农药的科学选择和合理使用、病虫害的物理防治和生物防治、农药控制释放技术、种植制度与耕作技术优化和农药废弃物的管理等。 |
| ● |
| 相关链接 |
|
|
|
正题名:农村农药污染及防治
索取号:X592/W260
 
预约/预借
| 序号 | 登录号 | 条形码 | 馆藏地/架位号 | 状态 | 备注 |
| 1 | 1438943 | 214389437 | 自科库501/501自科库 102排2列4层/ [索取号:X592/W260] | 在馆 | |
| 2 | 1438944 | 214389446 | 自科库501/501自科库 102排2列4层/ [索取号:X592/W260] | 在馆 |